[Event "Aragon-ch Seniors 65+"]
[Site "Zaragoza"]
[Date "2018.05.26"]
[Round "6"]
[White "Lasierra Arceiz, Javier"]
[Black "Garcia Artal, Obdulio"]
[Result "1/2-1/2"]
[WhiteElo "1442"]
[BlackElo "1667"]
[PlyCount "111"]
[EventDate "2018.04.21"]
[EventType "swiss"]
[EventRounds "8"]
[EventCountry "ESP"]
[SourceTitle "EXT 2020"]
[Source "ChessBase"]
[SourceDate "2019.10.17"]
[SourceVersion "1"]
[SourceVersionDate "2019.10.17"]
[SourceQuality "1"]

1. e4 e5 2. Nf3 d6 3. Be2 Nf6 4. d3 Be7 5. h3 0-0 6. 0-0 Nc6 7. Nh2 Nd4 8. f4 Nxe2+ 9. Qxe2 c6 10. f5 h6 11. Ng4 Nxg4 12. Qxg4 Bg5 13. Nd2 Be3+ 14. Kh1 Qg5 15. Qxg5 Bxg5 16. Nf3 Bxc1 17. Raxc1 b5 18. g4 g5 19. h4 f6 20. Kg2 d5 21. Rh1 dxe4 22. dxe4 gxh4 23. Rxh4 Bb7 24. Rxh6 Kg7 25. Rg6+ Kf7 26. Rd1 Rad8 27. Rh1 Ke7 28. Rh7+ Rf7 29. Rgg7 Rdf8 30. Kf2 c5 31. Ke3 a5 32. Nd2 c4 33. c3 Rxg7 34. Rxg7+ Rf7 35. Rxf7+ Kxf7 36. b3 cxb3 37. Nxb3 a4 38. Nc5 Bc8 39. a3 Ke7 40. Nd3 Kd6 41. Kf3 Bd7 42. Ke3 Be8 43. Kf3 Bf7 44. Ke3 Bc4 45. Nb4 Kc5 46. Kf3 Bb3 47. Ke3 Kd6 48. Nd3 Bd1 49. Nf2 Bc2 50. Kd2 Bb1 51. Kc1 Ba2 52. Kd2 Bc4 53. Nd1 Kc5 54. Ne3 Bb3 55. Ke2 Ba2 56. Kf3 1/2-1/2

[Event "Aragon-ch Seniors 65+"]
[Site "Zaragoza"]
[Date "2018.05.19"]
[Round "5"]
[White "Garcia Artal, Obdulio"]
[Black "Perez Sirera, Jose Maria"]
[Result "0-1"]
[WhiteElo "1667"]
[BlackElo "1406"]
[PlyCount "80"]
[EventDate "2018.04.21"]
[EventType "swiss"]
[EventRounds "8"]
[EventCountry "ESP"]
[SourceTitle "EXT 2020"]
[Source "ChessBase"]
[SourceDate "2019.10.17"]
[SourceVersion "1"]
[SourceVersionDate "2019.10.17"]
[SourceQuality "1"]

1. d4 d5 2. c4 e6 3. e3 Nf6 4. Nf3 b6 5. Be2 dxc4 6. Bxc4 Bb7 7. 0-0 Be7 8. Nbd2 0-0 9. a3 Nbd7 10. b4 c5 11. dxc5 bxc5 12. b5 Nb6 13. Bb2 Qc7 14. Be2 Rfd8 15. Qc2 Nbd5 16. Rac1 Bd6 17. Nc4 Be7 18. Be5 Qd7 19. Na5 Rdc8 20. Rfd1 Bd8 21. Nxb7 Qxb7 22. Nd2 Bc7 23. Bxc7 Rxc7 24. Ne4 Nxe4 25. Qxe4 g6 26. a4 Qc8 27. Bf3 c4 28. Qd4 Rc5 29. Rd2 Qc7 30. Rdc2 Rc8 31. Be2 c3 32. g3 Rd8 33. Bf3 Rc4 34. Qd1 Nb4 35. Qe2 Nxc2 36. Qxc2 Rd2 37. Qb3 Rb2 38. Qa3 Qc5 39. Qa1 Rcb4 40. Be4 Rxe4 0-1

[Event "Aragon-ch Seniors-B"]
[Site "Zaragoza"]
[Date "2017.05.27"]
[Round "6"]
[White "Garcia Artal, Obdulio"]
[Black "Edeso Perez, Francisco"]
[Result "0-1"]
[WhiteElo "1646"]
[BlackElo "1808"]
[PlyCount "95"]
[EventDate "2017.04.22"]
[EventType "swiss"]
[EventRounds "8"]
[EventCountry "ESP"]
[SourceTitle "EXT 2019"]
[Source "ChessBase"]
[SourceDate "2018.10.10"]
[SourceVersion "1"]
[SourceVersionDate "2018.10.10"]
[SourceQuality "1"]

1. e4 c5 2. d3 d6 3. Nd2 Nf6 4. g3 Nc6 5. Bg2 e6 6. Ngf3 Be7 7. 0-0 0-0 8. Re1 Qc7 9. Nf1 Bd7 10. h4 b5 11. c3 Rac8 12. Ne3 a5 13. a3 Qb6 14. Bd2 c4 15. dxc4 Nxe4 16. cxb5 Nxd2 17. Qxd2 Qxb5 18. Rab1 Qc5 19. b4 axb4 20. axb4 Qb5 21. c4 Qb8 22. b5 Na7 23. Rec1 Rc5 24. Qa5 Rfc8 25. Nd4 Bd8 26. Qa6 Qb6 27. Qa2 Nxb5 28. Nb3 Nc7 29. Nxc5 Qxc5 30. Rb7 d5 31. Rcb1 d4 32. Nf1 e5 33. Rb8 Ne6 34. Rxc8 Qxc8 35. Bd5 Nc5 36. Qa7 Ne6 37. Bxe6 fxe6 38. Rb7 Be8 39. Rxg7+ Kf8 40. Rxh7 Bf6 41. Nd2 Qc6 42. g4 e4 43. g5 Be5 44. h5 e3 45. fxe3 dxe3 46. Qxe3 Qd6 47. g6 Bd4 48. Rh8+ 0-1

[Event "Aragon-ch Seniors-B"]
[Site "Zaragoza"]
[Date "2017.05.13"]
[Round "4"]
[White "Martinez Crespo, Juan"]
[Black "Garcia Artal, Obdulio"]
[Result "0-1"]
[WhiteElo "1707"]
[BlackElo "1646"]
[PlyCount "110"]
[EventDate "2017.04.22"]
[EventType "swiss"]
[EventRounds "8"]
[EventCountry "ESP"]
[SourceTitle "EXT 2019"]
[Source "ChessBase"]
[SourceDate "2018.10.10"]
[SourceVersion "1"]
[SourceVersionDate "2018.10.10"]
[SourceQuality "1"]

1. e4 e5 2. Nf3 d6 3. d4 Nc6 4. c3 Nf6 5. Bd3 Be7 6. 0-0 Bg4 7. Be3 0-0 8. Nbd2 h6 9. Qb3 b6 10. Rac1 Bxf3 11. Nxf3 Nd7 12. Qd5 Na5 13. a3 c6 14. Qa2 Nb7 15. Rfd1 Qc7 16. b4 b5 17. Qd2 Nf6 18. h3 a6 19. g4 c5 20. g5 hxg5 21. Nxg5 exd4 22. cxd4 c4 23. Bf4 Qd8 24. Bb1 Nh5 25. h4 Nxf4 26. Qxf4 Bxg5 27. hxg5 g6 28. e5 dxe5 29. dxe5 Qe7 30. Rd5 Rad8 31. Rcd1 Rxd5 32. Rxd5 Rd8 33. Be4 Rxd5 34. Bxd5 Nd8 35. Qe3 Ne6 36. f4 Qd7 37. Bxe6 Qxe6 38. Kf2 Qd5 39. Ke2 Qg2+ 40. Qf2 Qxf2+ 41. Kxf2 Kf8 42. Ke3 Ke7 43. Kd4 Ke6 44. a4 Kf5 45. axb5 axb5 46. Ke3 c3 47. Kd3 Kxf4 48. Kxc3 Kxe5 49. Kd3 Kf5 50. Kd4 Kxg5 51. Kc5 f5 52. Kxb5 f4 53. Kc4 Kf5 54. Kd4 Ke6 55. b5 Kd6 0-1

[Event "Zaragoza Province-ch Primera"]
[Site "Zaragoza"]
[Date "2015.09.27"]
[Round "1"]
[White "Abad Vinas, Jesus Manuel"]
[Black "Garcia Artal, Obdulio"]
[Result "1/2-1/2"]
[WhiteElo "1810"]
[BlackElo "1643"]
[PlyCount "156"]
[EventDate "2015.09.27"]
[EventType "swiss"]
[EventRounds "6"]
[EventCountry "ESP"]
[SourceTitle "CBM 170 Extra"]
[Source "ChessBase"]
[SourceDate "2016.02.25"]
[SourceVersion "1"]
[SourceVersionDate "2016.02.25"]
[SourceQuality "1"]

1. c4 Nf6 2. Nf3 g6 3. d4 Bg7 4. Bg5 0-0 5. Nc3 d6 6. h3 Nbd7 7. e4 e5 8. d5 a5 9. Be2 h6 10. Bh4 g5 11. Nxg5 hxg5 12. Bxg5 Qe8 13. g4 Nc5 14. f3 Nh7 15. Be3 f6 16. h4 b6 17. Qd2 Bd7 18. b3 Kh8 19. h5 Rg8 20. 0-0-0 Bf8 21. Rdg1 Be7 22. f4 exf4 23. Bxf4 Qf7 24. Qd4 Ng5 25. h6 Kh7 26. Bd1 Rae8 27. Rf1 Bd8 28. Bc2 Kh8 29. Rh5 Bxg4 30. Rxg5 Rxg5 31. Bxg5 Nd7 32. Bf4 Ne5 33. Bxe5 Rxe5 34. Rg1 Qh5 35. Kb2 Rg5 36. Qe3 Bd7 37. h7 Rxg1 38. Qxg1 Qxh7 39. e5 Qg7 40. Qxg7+ Kxg7 41. e6 Be8 42. Bf5 Bg6 43. Bh3 f5 44. Nb5 Kf6 45. Nd4 f4 46. Kc3 Be4 47. Nc6 Be7 48. Kd4 Bb1 49. a3 f3 50. Ke3 Ba2 51. Nd4 f2 52. Kxf2 Ke5 53. Ke3 Bb1 54. Nc6+ Kf6 55. b4 axb4 56. axb4 Bc2 57. Nxe7 Kxe7 58. Bf1 Bg6 59. Bd3 Be8 60. Kf4 Ba4 61. Kf5 Bb3 62. Ke4 Ba4 63. Kd4 Be8 64. Kc3 Bh5 65. Bc2 Be8 66. Kb2 Bh5 67. Ba4 Be2 68. Bb5 Bd3 69. Ka3 Be4 70. Ba6 Bc2 71. Bc8 Bd3 72. Kb3 Be2 73. Kc3 Bd1 74. Kd4 Be2 75. c5 bxc5+ 76. bxc5 Bf1 77. Bd7 Be2 78. Ba4 Bf1 1/2-1/2

[Event "Aragon-chT Preferente A"]
[Site "Aragon"]
[Date "2013.01.26"]
[Round "1.39"]
[White "Mombiela de Sus, Jose Luis"]
[Black "Garcia Artal, Obdulio"]
[Result "1-0"]
[WhiteElo "2030"]
[BlackElo "1693"]
[PlyCount "77"]
[EventDate "2013.01.26"]
[EventType "team"]
[EventRounds "9"]
[EventCountry "ESP"]
[SourceTitle "EXT 2014"]
[Source "ChessBase"]
[SourceDate "2013.11.20"]
[SourceVersion "1"]
[SourceVersionDate "2013.11.20"]
[SourceQuality "1"]
[WhiteTeam "Las Fuentes"]
[BlackTeam "Ramiro III"]
[WhiteTeamCountry "ESP"]
[BlackTeamCountry "ESP"]

1. c4 Nf6 2. g3 e5 3. Bg2 d6 4. Nc3 Be7 5. e4 Nc6 6. Nge2 0-0 7. 0-0 Bd7 8. h3 h6 9. d3 Nh7 10. Be3 Bg5 11. f4 exf4 12. gxf4 Bh4 13. d4 g5 14. d5 Ne7 15. f5 f6 16. Bf3 c5 17. dxc6 Bxc6 18. Nd4 Bd7 19. Qb3 Kh8 20. Rfd1 Nc6 21. Nxc6 Bxc6 22. Kg2 Qe7 23. Rd3 Qe5 24. Kh1 Qg3 25. Bg2 h5 26. Rad1 g4 27. Bg5 Qe5 28. Bxh4 gxh3 29. Rxh3 Rg8 30. Nd5 Bxd5 31. Rxd5 Qf4 32. Qf3 Qc1+ 33. Rd1 Qxb2 34. Rg1 Rg4 35. Bf2 Rag8 36. Rxh5 Qxa2 37. Rxh7+ Kxh7 38. Qh3+ Kg7 39. Qxg4+ 1-0

[Event "Autonomico Seniors op 6th"]
[Site "Spain"]
[Date "2007.??.??"]
[Round "1"]
[White "Garcia Artal, Obdulio"]
[Black "Beltran Langarita, Alfredo"]
[Result "0-1"]
[WhiteElo "1715"]
[BlackElo "1710"]
[PlyCount "108"]
[EventDate "2007.??.??"]
[EventType "swiss"]
[EventRounds "9"]
[EventCountry "ESP"]
[SourceTitle "EXT 2010"]
[Source "ChessBase"]
[SourceDate "2010.11.25"]
[SourceVersion "1"]
[SourceVersionDate "2010.11.25"]
[SourceQuality "1"]

1. d4 Nf6 2. c4 d6 3. Nc3 g6 4. e4 Bg7 5. f4 0-0 6. e5 dxe5 7. fxe5 Nfd7 8. Nf3 c5 9. dxc5 Nxc5 10. Qxd8 Rxd8 11. Bg5 Bf8 12. Nd5 Nc6 13. h3 h6 14. Bf4 e6 15. Nf6+ Kg7 16. Be2 Nd4 17. Nxd4 Rxd4 18. 0-0 b6 19. Rad1 Rxd1 20. Rxd1 Bb7 21. Nd7 Nxd7 22. Rxd7 Bc6 23. Rc7 Be4 24. Kf2 g5 25. Be3 Kg6 26. g4 f5 27. gxf5+ exf5 28. Bf3 Bxf3 29. Kxf3 Kh5 30. Rc6 f4 31. Bd4 Rd8 32. Bc3 Rd3+ 33. Kg2 Bc5 34. Rf6 Rg3+ 35. Kh2 Bg1+ 36. Kh1 f3 37. Be1 f2 38. Bxf2 Bxf2 39. Rxf2 Rxh3+ 40. Kg2 Re3 41. Rf7 Rxe5 42. Rxa7 Re2+ 43. Kg3 Rxb2 44. Rb7 Rc2 45. Rxb6 Rxc4 46. Rb2 Rc3+ 47. Kg2 g4 48. a4 Ra3 49. Rb5+ Kh4 50. a5 h5 51. Rc5 Ra2+ 52. Kh1 g3 53. Re5 Kg4 54. Kg1 h4 0-1

[Event "Autonomico Seniors op 6th"]
[Site "Spain"]
[Date "2007.??.??"]
[Round "4"]
[White "Garcia Artal, Obdulio"]
[Black "Felez Gaston, Carlos"]
[Result "0-1"]
[WhiteElo "1715"]
[BlackElo "1645"]
[PlyCount "112"]
[EventDate "2007.??.??"]
[EventType "swiss"]
[EventRounds "9"]
[EventCountry "ESP"]
[SourceTitle "EXT 2010"]
[Source "ChessBase"]
[SourceDate "2010.11.25"]
[SourceVersion "1"]
[SourceVersionDate "2010.11.25"]
[SourceQuality "1"]

1. d4 Nf6 2. c4 g6 3. Nc3 d5 4. Bg5 Bg7 5. e3 c6 6. Nf3 Qa5 7. Qd2 Be6 8. cxd5 cxd5 9. Be2 0-0 10. h3 a6 11. 0-0 Nc6 12. a3 Qd8 13. Bf4 Nh5 14. Bh2 h6 15. b4 f5 16. Ne5 Kh7 17. Bxh5 gxh5 18. f4 Bf6 19. Ne2 h4 20. Kh1 Bf7 21. g4 hxg3 22. Nxg3 Bxe5 23. fxe5 e6 24. Ne2 Qh4 25. Nf4 Rg8 26. Rg1 Ne7 27. Qe2 Rxg1+ 28. Rxg1 Rg8 29. Rc1 Rc8 30. Rxc8 Nxc8 31. Qc2 Qd8 32. Bg3 Nb6 33. Qc5 Nc4 34. Bf2 Qd7 35. Qf8 Qe8 36. Qxe8 Bxe8 37. Nxe6 Nxa3 38. Nc5 Nc2 39. Nxb7 Nxb4 40. e6 Nc6 41. Bg3 Kg7 42. Nc5 a5 43. Kg2 a4 44. Nxa4 Nxd4 45. exd4 Bxa4 46. Be5+ Kg6 47. Kg3 Be8 48. h4 h5 49. Kf4 Bc6 50. Bd6 Kf6 51. e7 Ke6 52. Bc5 Bb5 53. Kg5 Be8 54. Kh6 f4 55. Kg7 f3 56. Kf8 Bb5 0-1

[Event "Autonomico Seniors op 6th"]
[Site "Spain"]
[Date "2007.??.??"]
[Round "7"]
[White "Garcia Artal, Obdulio"]
[Black "Martinez Pintor, Juan"]
[Result "0-1"]
[WhiteElo "1715"]
[BlackElo "1885"]
[PlyCount "98"]
[EventDate "2007.??.??"]
[EventType "swiss"]
[EventRounds "9"]
[EventCountry "ESP"]
[SourceTitle "EXT 2010"]
[Source "ChessBase"]
[SourceDate "2010.11.25"]
[SourceVersion "1"]
[SourceVersionDate "2010.11.25"]
[SourceQuality "1"]

1. d4 Nf6 2. c4 e6 3. Nc3 Bb4 4. Bd2 0-0 5. Nf3 c5 6. dxc5 Bxc5 7. e3 d5 8. cxd5 exd5 9. Be2 Nc6 10. a3 Be6 11. 0-0 Qe7 12. b4 Bd6 13. Nb5 Ne4 14. Nxd6 Qxd6 15. Rc1 Rac8 16. b5 Nxd2 17. Qxd2 Ne5 18. Qb2 Nc4 19. Bxc4 dxc4 20. Rfd1 c3 21. Qa1 Qc5 22. Nd4 Qc4 23. Rc2 Rc5 24. Rdc1 Rfc8 25. Nxe6 fxe6 26. a4 Qd3 27. h3 b6 28. Qb1 Rg5 29. Qb3 Qe4 30. g3 Rgc5 31. Rxc3 Rxc3 32. Rxc3 Rxc3 33. Qxc3 Qxa4 34. Qc8+ Kf7 35. Qd7+ Kf6 36. Qd4+ Qxd4 37. exd4 Ke7 38. Kf1 Kd6 39. Ke2 e5 40. Kd3 Kd5 41. f3 exd4 42. f4 Kc5 43. f5 Kxb5 44. g4 Kc5 45. h4 a5 46. h5 Kd5 47. g5 Ke5 48. f6 Ke6 49. Kxd4 gxf6 0-1

[Event "Aragon-ch Seniors"]
[Site "Spain"]
[Date "2005.??.??"]
[Round "2"]
[White "Edeso Perez, Francisco"]
[Black "Garcia Artal, Obdulio"]
[Result "1-0"]
[WhiteElo "1843"]
[BlackElo "1781"]
[PlyCount "73"]
[EventDate "2005.??.??"]
[EventType "swiss"]
[EventRounds "9"]
[EventCountry "ESP"]
[SourceTitle "EXT 2007"]
[Source "ChessBase"]
[SourceDate "2006.11.23"]
[SourceVersion "1"]
[SourceVersionDate "2006.11.23"]
[SourceQuality "1"]

1. d4 Nf6 2. g3 g6 3. Bg2 Bg7 4. Nf3 0-0 5. 0-0 d5 6. Nbd2 c6 7. c4 Bg4 8. Ne5 Be6 9. Qb3 Qc8 10. c5 Nbd7 11. Nxd7 Qxd7 12. Nf3 Rab8 13. Bf4 Ra8 14. Rfe1 Ne4 15. Rad1 h6 16. Be5 f6 17. Bf4 g5 18. Bc1 Bf7 19. Nd2 Nxd2 20. Rxd2 e5 21. e3 Rfe8 22. dxe5 fxe5 23. Qd1 Rad8 24. b4 a6 25. Bb2 Qc7 26. a3 b5 27. Qa1 a5 28. Bc3 axb4 29. axb4 Ra8 30. Qb2 Ra7 31. Ra1 Rea8 32. Rdd1 Qd7 33. Bxe5 Bxe5 34. Qxe5 Qg4 35. h3 Qxb4 36. Rxa7 Re8 37. Qf6 1-0

[Event "Aragon-ch Seniors"]
[Site "Spain"]
[Date "2005.??.??"]
[Round "1"]
[White "Garcia Artal, Obdulio"]
[Black "Codina Escudero, Juan"]
[Result "1-0"]
[WhiteElo "1781"]
[BlackElo "1634"]
[PlyCount "113"]
[EventDate "2005.??.??"]
[EventType "swiss"]
[EventRounds "9"]
[EventCountry "ESP"]
[SourceTitle "EXT 2007"]
[Source "ChessBase"]
[SourceDate "2006.11.23"]
[SourceVersion "1"]
[SourceVersionDate "2006.11.23"]
[SourceQuality "1"]

1. d4 e6 2. c4 c6 3. a3 d5 4. e3 c5 5. dxc5 Bxc5 6. b4 Bb6 7. Bb2 Nf6 8. Nf3 dxc4 9. Qxd8+ Bxd8 10. Bxc4 0-0 11. Nc3 a6 12. Ke2 b5 13. Bb3 Bb7 14. Rhd1 Bc7 15. g3 h6 16. Nd2 Nbd7 17. Bc2 Ne5 18. Nde4 Nd5 19. Nxd5 Bxd5 20. f4 Bc4+ 21. Ke1 Nf3+ 22. Kf2 Nxh2 23. Rh1 Ng4+ 24. Kf3 f5 25. Nc5 Rfd8 26. Rad1 Bb6 27. e4 a5 28. exf5 exf5 29. Bxf5 Rxd1 30. Rxd1 Nf6 31. Bxf6 gxf6 32. Rd6 Bd8 33. Be6+ Bxe6 34. Nxe6 Be7 35. Rd7 Kf7 36. Nc7 Ra7 37. f5 axb4 38. axb4 Rb7 39. Ke4 Rb6 40. Nd5 Rc6 41. Rxe7+ Kf8 42. Re6 Rc4+ 43. Kd3 Kg7 44. Rxf6 Rg4 45. Rg6+ Rxg6 46. fxg6 Kxg6 47. Nc3 Kf5 48. Ke3 Ke5 49. Nxb5 h5 50. Nd4 Kd5 51. Kf4 Kxd4 52. Kg5 Kc4 53. Kxh5 Kxb4 54. g4 Kc5 55. g5 Kd6 56. g6 Ke7 57. Kh6 1-0

[Event "Aragon-ch Seniors"]
[Site "Spain"]
[Date "2005.??.??"]
[Round "3"]
[White "Garcia Artal, Obdulio"]
[Black "Gil, Gonzalo"]
[Result "1/2-1/2"]
[WhiteElo "1781"]
[BlackElo "1743"]
[PlyCount "72"]
[EventDate "2005.??.??"]
[EventType "swiss"]
[EventRounds "9"]
[EventCountry "ESP"]
[SourceTitle "EXT 2007"]
[Source "ChessBase"]
[SourceDate "2006.11.23"]
[SourceVersion "1"]
[SourceVersionDate "2006.11.23"]
[SourceQuality "1"]

1. d4 Nf6 2. c4 e6 3. Nc3 d5 4. a3 a5 5. Bd2 Nc6 6. Nf3 Be7 7. e3 0-0 8. Be2 b6 9. 0-0 Bb7 10. cxd5 exd5 11. Rc1 Na7 12. Nb5 c6 13. Nxa7 Rxa7 14. Ne5 Qd6 15. f3 Rc8 16. Nd3 Ba8 17. Be1 Qd7 18. g4 h6 19. Ne5 Qe6 20. Bg3 Nd7 21. Nxd7 Rxd7 22. Kf2 Bd6 23. Qd3 Bxg3+ 24. hxg3 Bb7 25. Qf5 Re7 26. Bd3 Qxf5 27. gxf5 f6 28. e4 dxe4 29. Bxe4 Rd7 30. Rfd1 Rd6 31. g4 Rcd8 32. Ke3 R6d7 33. b4 axb4 34. axb4 b5 35. Rc2 Kf7 36. Rcd2 Ke7 1/2-1/2